Vida e historia: soledad y libertad - los amigos del padre Feijoo - la vida en las galeras en tiempo de Felipe II - la psicología del vestido

Guardat en:
Dades bibliogràfiques
Autor principal: Marañón y Posadillo, Gregorio (autor)
Format: Llibre
Idioma:espanyol
Publicat: Santiago Empresa Letras 1937
Matèries:
Etiquetes: Afegir etiqueta
Sense etiquetes, Sigues el primer a etiquetar aquest registre!

MARC

LEADER 00000nam a2200000 a 4500
001 UCP3604
003 CL-VaPUC
008 990625e19370000CL |||||||||||||||||spa|d
082 0 4 |a 864  |b MAR  |2 21 
100 |a Marañón y Posadillo, Gregorio  |e autor  |9 529334 
245 1 0 |a Vida e historia: soledad y libertad - los amigos del padre Feijoo - la vida en las galeras en tiempo de Felipe II - la psicología del vestido 
300 |a 180 p 
942 |c BK 
945 |d 19990625 00:00:00  |a lriquelm 
260 |a Santiago  |b Empresa Letras  |c 1937 
650 0 |a Ensayos españoles  |9 313128 
650 0 |a Literatura española  |9 306261 
583 |a last modification  |c 19990625 00:00:00  |k Rodrigo Vera 
999 |c 281869  |d 281867 
952 |0 0  |1 0  |4 0  |6 864_000000000000000_MAR_1937  |7 0  |8 X  |9 322919  |a BIBHIS  |b BIBHIS  |d 2019-11-20  |i 1362585  |l 1  |o 864 MAR 1937  |p 1362585  |r 2024-01-30  |s 2022-09-22  |w 2019-11-20  |y BK_X  |k HIS